UM Logo

Entrepreneurship (Record no. 226)

MARC details
000 -LEADER
fixed length control field 00550nam a22001697a 4500
008 - FIXED-LENGTH DATA ELEMENTS--GENERAL INFORMATION
fixed length control field 151110b xxu||||| |||| 00| 0 eng d
020 ## - INTERNATIONAL STANDARD BOOK NUMBER
International Standard Book Number 9781680950236
082 ## - DEWEY DECIMAL CLASSIFICATION NUMBER
Edition number 2015
Classification number DC 174.4
Item number En61
100 ## - MAIN ENTRY--PERSONAL NAME
9 (RLIN) 428
Personal name Scott, Ronald and Mary Lewis
Relator term Editors
245 ## - TITLE STATEMENT
Title Entrepreneurship
Remainder of title values and responsibility
260 ## - PUBLICATION, DISTRIBUTION, ETC. (IMPRINT)
Place of publication, distribution, etc. New York:
Name of publisher, distributor, etc. Delve Publishing LLC,
Date of publication, distribution, etc. c2015
300 ## - PHYSICAL DESCRIPTION
Extent x, 246 pages:
Other physical details illustrations;
Dimensions 25 cm.
500 ## - GENERAL NOTE
General note Includes references and index.
650 #0 - SUBJECT ADDED ENTRY--TOPICAL TERM
9 (RLIN) 429
Topical term or geographic name as entry element Entrepreneurship
700 ## - ADDED ENTRY--PERSONAL NAME
9 (RLIN) 430
Personal name Mary Lewis
Relator term Editor
942 ## - ADDED ENTRY ELEMENTS (KOHA)
Source of classification or shelving scheme Dewey Decimal Classification
Koha item type Circulation
Holdings
Withdrawn status Lost status Source of classification or shelving scheme Damaged status Not for loan Collection code Home library Current library Shelving location Date acquired Source of acquisition Total Checkouts Full call number Barcode Date last seen Date last checked out Copy number Price effective from Koha item type
    Dewey Decimal Classification     Circulation UM Digos College - LIC UM Digos College - LIC Book Cart 08/28/2015 Purchased 3 DC 174.4 En61 2015 23360 11/17/2025 10/29/2025 1 11/10/2015 Circulation